000 00532nam a22001697a 4500
003 NUST
038 _aNusrat Nadeem
082 _a200
100 _aIkram, Farhan Tahir
_9123107
245 _aOperational Analysis of Pak Argo Packaging Ltd./
_cFarhan Tahir Ikram
264 _aIslamabad,
_bNBS NUST;
_c2024.
300 _a69,p;
_bill;
_c30,cm.
650 _aExecutive MBA(EMBA)
_9123109
700 _aSupervisor: Dr. Mujtaba Hassan Agha
_9120089
856 _uhttp://10.250.8.41:8080/xmlui/handle/123456789/42454
942 _2ddc
_cTHE
999 _c609413
_d609413